Statistiques concernant Devinez l'État Américain Mystère #36

Cliquez ici pour prendre le quiz!

Statistiques générales

  • Ce quiz a été pris 137 fois
  • Le résultat moyen est 29 sur 35

Statistiques - réponses

Type de RéponseRéponse% Correct
Lettre TrouvéeN
100%
Lettre de l'AlphabetA
99%
Lettre TrouvéeE
99%
Lettre TrouvéeI
98%
Lettre de l'AlphabetL
98%
Lettre de l'AlphabetO
98%
Lettre TrouvéeR
97%
Lettre de l'AlphabetS
97%
Lettre de l'AlphabetC
93%
Lettre de l'AlphabetD
93%
Lettre de l'AlphabetM
93%
Lettre de l'AlphabetT
93%
Lettre de l'AlphabetK
92%
Lettre TrouvéeG
90%
Lettre de l'AlphabetH
90%
Lettre de l'AlphabetW
89%
Lettre de l'AlphabetU
88%
Lettre de l'AlphabetY
86%
Lettre de l'AlphabetF
85%
Lettre TrouvéeV
79%
Lettre de l'AlphabetB
77%
Lettre Bien PlacéeI
76%
Lettre de l'AlphabetP
76%
Lettre Bien PlacéeI
75%
Lettre de l'AlphabetX
75%
Lettre Bien PlacéeI
74%
Lettre de l'AlphabetZ
74%
Lettre de l'AlphabetJ
69%
Lettre Bien PlacéeR
68%
Lettre Bien PlacéeE
67%
Lettre de l'AlphabetQ
66%
Lettre Bien PlacéeG
65%
Lettre Bien PlacéeN
65%
Lettre Bien PlacéeV
65%
État MystèreVirginie
65%

Distribution des résultats

Percentile par nombre de réponses

% des personnes avec chaque résultat

Votre développement - résultats

Vous n’avez pas pris ce quiz